书目信息 |
| 题名: |
英国文学地图
|
|
| 作者: | 刘芬 编著 | |
| 分册: | ||
| 出版信息: | 武汉 武汉大学出版社 2010.01 |
|
| 页数: | 208页 | |
| 开本: | 21cm | |
| 丛书名: | 新视角英语文学与文化系列丛书 | |
| 单 册: | ||
| 中图分类: | H319.4:I | |
| 科图分类: | ||
| 主题词: | 英语--ying yu--阅读教学--高等学校--教材 , 文学史--wen xue shi--英国 | |
| 电子资源: | ||
| ISBN: | 978-7-307-07429-3 | |
| 000 | 01224nam 2200289 450 | |
| 001 | 012010810156 | |
| 005 | 20100624172810.21 | |
| 010 | @a978-7-307-07429-3@dCNY15.00 | |
| 100 | @a20100624d2010 em y0chiy0120 ea | |
| 101 | 0 | @achi@aeng |
| 102 | @aCN@b420000 | |
| 105 | @aac a 000yy | |
| 106 | @ar | |
| 200 | 1 | @a英国文学地图@Aying guo wen xue di tu@d= The map of English literature@f刘芬编著@Fliu fen bian zhu@zeng |
| 210 | @a武汉@c武汉大学出版社@d2010.01 | |
| 215 | @a208页@c图, 肖像@d21cm | |
| 225 | 2 | @a新视角英语文学与文化系列丛书@Axin shi jiao ying yu wen xue yu wen hua xi lie cong shu |
| 320 | @a有书目 (第202-204页) | |
| 330 | @a本书以英国文学各个时期有代表性的作家、作品为线索,借助精美的图片和轻松的文字,凭吊伟人遗迹,感慨中外才情,以评驭史,在评介英国文学名家的同时进行英国文化和相关文学常识的介绍,为文学爱好者、英语学习者、英国文学和文化学习者提供了一个全新的阅读窗口。 | |
| 410 | 0 | @12001 @a新视角英语文学与文化系列丛书 |
| 510 | 1 | @aMap of English literature@zeng |
| 606 | 0 | @a英语@Aying yu@x阅读教学@x高等学校@j教材 |
| 606 | 0 | @a文学史@Awen xue shi@y英国 |
| 690 | @aH319.4:I@v4 | |
| 701 | 0 | @a刘芬@Aliu fen@4编著 |
| 801 | 0 | @aCN@bQSSK@c20100624 |
| 905 | @b783122-24@dH319.4:I@eL615@f3 | |
| 英国文学地图= The map of English literature/刘芬编著.-武汉:武汉大学出版社,2010.01 |
| 208页:图, 肖像;21cm.-(新视角英语文学与文化系列丛书) |
| ISBN 978-7-307-07429-3:CNY15.00 |
| 本书以英国文学各个时期有代表性的作家、作品为线索,借助精美的图片和轻松的文字,凭吊伟人遗迹,感慨中外才情,以评驭史,在评介英国文学名家的同时进行英国文化和相关文学常识的介绍,为文学爱好者、英语学习者、英国文学和文化学习者提供了一个全新的阅读窗口。 |
| ● |
| 相关链接 |
|
|
|
正题名:英国文学地图
索取号:H319.4:I/L615
 
预约/预借
| 序号 | 登录号 | 条形码 | 馆藏地/架位号 | 状态 | 备注 |
| 1 | 783122 | 207831220 | 语言库209/209语言库 54排3列2层/ [索取号:H319.4:I/L615] | 在馆 | |
| 2 | 783123 | 207831239 | 语言库209/209语言库 54排3列2层/ [索取号:H319.4:I/L615] | 在馆 | |
| 3 | 783124 | 207831248 | 语言库209/209语言库 54排3列2层/ [索取号:H319.4:I/L615] | 在馆 |